| 000 | 00000nam##2200000za#4500 |
| 001 | 9.575726 |
| 003 | CaOODSP |
| 005 | 20210624184812 |
| 007 | cr ||||||||||| |
| 008 | 150406|2009||||xxc|||||o f|0| 0 eng|d |
| 040 | |aCaOODSP|beng |
| 043 | |an-cn--- |
| 086 | 1 |aTU3-5/09-18E-PDF |
| 110 | 2 |aTransportation Safety Board of Canada. |
| 245 | 10|aControlled flight into terrain - Lockhart Air Services Limited Cessna 310R, C-GFIT Cat Lake, Ontario, 8 nm SW, 06 November 2009 |h[electronic resource] |
| 260 | |aGatineau - Quebec : |bTransportation Safety Board of Canada |c[2009]. |
| 300 | |a9p.|bcoloured illus., references |
| 490 | 1 |aAviation investigation report |vA09C0172 |
| 590 | |a13-06-Supp|b2013-03-19 |
| 775 | 08|tImpact sans perte de contrôle du Cessna 310R C-GFIT exploité par Lockhart Air Services Limited à 9 nm au sud-ouest de Cat Lake (Ontario), le 6 novembre 2009 |w(CaOODSP)9.605192 |
| 830 | #0|aAviation investigation report ;|vA09C0172|w(CaOODSP)9.504825 |
| 856 | 40|ahttp://publications.gc.ca|qPDF|s344 KB|uhttps://publications.gc.ca/collections/collection_2013/bst-tsb/TU3-5-09-18-eng.pdf|yA09C0172 |